|
|
|
|
| LEADER |
01047nam a2200277 a 4500 |
| 001 |
28988 |
| 003 |
BD-DhAAL |
| 005 |
20150314105646.0 |
| 008 |
150414r20001993enkb b 001 0 eng |
| 010 |
|
|
|a 92023379
|
| 020 |
|
|
|a 0521394368
|
| 020 |
|
|
|a 0521397413 (pbk.)
|
| 040 |
|
|
|a DLC
|c DLC
|d DLC
|d BD-DhAAL
|
| 050 |
0 |
0 |
|a DP99
|b .R375 1993
|
| 082 |
0 |
0 |
|a 946/.02
|2 20
|
| 100 |
1 |
|
|a Reilly, Bernard F.,
|d 1925-
|9 9522
|
| 245 |
1 |
4 |
|a The medieval Spains /
|c Bernard F. Reilly.
|
| 260 |
|
|
|a Cambridge [England] ;
|a New York, NY, USA :
|b Cambridge University Press,
|c 1993.[Reprinted 2000]
|
| 300 |
|
|
|a viii, 228 p. :
|b maps ;
|c 23 cm.
|
| 490 |
|
|
|a Cambridge medieval textbooks
|
| 504 |
|
|
|a Includes bibliographical references (p. 210-214) and index.
|
| 541 |
|
|
|e 28988
|
| 651 |
|
0 |
|a Spain
|x History
|y 711-1516.
|9 9523
|
| 942 |
|
|
|2 ddc
|c BK
|
| 999 |
|
|
|c 34007
|d 34007
|
| 952 |
|
|
|0 0
|1 0
|2 ddc
|4 0
|6 946_020000000000000_REI
|7 0
|9 53075
|a BRACUL
|b BRACUL
|c GEN
|d 2015-03-14
|e Paragon Enterprises
|g 2483.00
|l 2
|m 3
|o 946.02 REI
|p 3010028988
|r 2025-09-21
|s 2025-08-26
|t 1
|w 2015-03-14
|y BK
|